Revista de derecho laboral. Suplemento especial Ley 27.742: la reforma laboral en la Ley de Bases y puntos de partida para la libertad de los argentinos /
Guardado en:
| Formato: | Libro |
|---|---|
| Idioma: | Spanish |
| Publicado: |
Santa Fe :
Rubinzal - Culzoni,
2024.
|
| Edición: | 1a. ed. |
| Materias: | |
| Etiquetas: |
Agregar Etiqueta
Sin Etiquetas, Sea el primero en etiquetar este registro!
|
| LEADER | 00735nam a22001695a 4500 | ||
|---|---|---|---|
| 001 | DER.der015040 | ||
| 008 | 240925s2024####ag#####|###|#|######spa|| | ||
| 005 | 20250603160451.0 | ||
| 245 | 1 | 0 | |a Revista de derecho laboral. Suplemento especial |f 2024 : |b Ley 27.742: la reforma laboral en la Ley de Bases y puntos de partida para la libertad de los argentinos / |c dirigido por Mario E. Ackerman. |
| 250 | |a 1a. ed. | ||
| 260 | |a Santa Fe : |b Rubinzal - Culzoni, |c 2024. | ||
| 300 | |a 240 p. | ||
| 505 | 0 | |a Contiene cuadro comparativo entre la Ley Nacional de Empleo 24.013, el DNU 70/2023 y La Ley Bases 27.742 | |
| 020 | |a 97898730501908 | ||
| 100 | 1 | |a Ackerman, Mario E., |e dir. | |
| 650 | 7 | |a DERECHO LABORAL | |
| 859 | |a DERECHO |b BIB. DERECHO |h 344.01 |i REV |p 0010498 | ||
